[Event "Zt"]
[Site "masterchessopen.com Hilversum (Netherlands)"]
[Round "0"]
[White "Blau Max (SUI)"]
[Black "Tsvetkov Alexandar K (BUL)"]
[Result "1-0"]
[WhiteElo "2370"]
[BlackElo "2255"]

1.e4 c5 2.Nf3 d6 3.d4 cxd4 4.Nxd4 Nf6 5.f3 e5 6.Bb5+ Bd7 7.Bxd7+ Qxd7 8.Nf5 g6
9.Ne3 Nc6 10.Nc3 Nd4 11.Ned5 Nxd5 12.Nxd5 Bg7 13.c3 Ne6 14.b3 O-O 15.Ba3 f5
16.O-O fxe4 17.fxe4 Rxf1+ 18.Qxf1 Ng5 19.Qe2 Kh8 20.Rd1 Rd8 21.Rd3 Qb5 22.c4
Qa6 23.Bc1 Ne6 24.Qg4 Nd4 25.Rh3 Rf8 26.Ne7 Ne2+ 27.Qxe2 Qb6+ 28.Be3 Qc7
29.Nxg6+ Kg8 30.Nxf8 Bxf8 31.Rg3+ Kh8 32.Qg4 Qf7 33.Bg5 h6 34.Bf6+ {#r} 1-0

[Event "Memorial C.Schlechter"]
[Site "masterchessopen.com Vienna (Austria)"]
[Round "0"]
[White "Paoli Enrico (ITA)"]
[Black "Kottnauer Cenek (ENG)"]
[Result "0-1"]
[WhiteElo "2300"]
[BlackElo "2370"]

1.e4 c5 2.Nf3 d6 3.d4 cxd4 4.Nxd4 Nf6 5.f3 e5 6.Bb5+ Nbd7 7.Nf5 d5 8.exd5 a6
9.Bxd7+ Qxd7 10.Ne3 b5 11.Nc3 Bb7 12.Ne4 Nxd5 13.O-O O-O-O 14.a4 f5 15.Nf2 Bc5
16.Nxd5 Qxd5 17.Qxd5 Rxd5 18.axb5 axb5 19.b3 Rhd8 20.Bg5 R8d7 21.c4 bxc4
22.bxc4 R5d6 23.Ra5 Bd4 24.f4 e4 25.Re1 Bc3 26.Rc5+ Kb8 {#R} 0-1

[Event "Ch Argentina"]
[Site "masterchessopen.com Buenos Aires (Argentina)"]
[Round "17"]
[White "Foguelman Alberto (ARG)"]
[Black "Juarez Flores Carlos A (GUA)"]
[Result "0-1"]
[WhiteElo "2310"]
[BlackElo "2344"]

1.e4 c5 2.Nf3 d6 3.d4 cxd4 4.Nxd4 Nf6 5.f3 e5 6.Bb5+ Bd7 7.Bxd7+ Qxd7 8.Nf5 d5
9.Bg5 d4 10.Bxf6 gxf6 11.Nd2 Nc6 12.Nf1 O-O-O 13.a3 h5 14.h4 Rg8 15.N1g3 Ne7
16.Kf2 Rh8 17.Nxe7+ Bxe7 18.Qd3 Kb8 19.Rhd1 Bc5 20.Kf1 Qe6 21.Nf5 Bb6 22.a4 a6
23.a5 Ba7 24.Ke2 Rhg8 25.g3 Rc8 26.Kd2 Rc5 27.Kc1 Rgc8 28.Rd2 Qd7 29.Ra3 Qc7
30.Kb1 Rb5 31.Ng7 Bc5 32.Ra2 Bb4 33.Nxh5 Bxd2 34.Qxd2 Rc5 35.b3 Qc6 36.Rb2 Rc3
37.b4 d3 38.g4 dxc2+ 39.Kc1 Qa4 {#R} 0-1

[Event "Ch Yugoslavia"]
[Site "masterchessopen.com Belgrade (Yugoslavia)"]
[Round "5"]
[White "Andric Dragoslav"]
[Black "Nedeljkovic Srecko (SRB)"]
[Result "1-0"]
[WhiteElo "2200"]
[BlackElo "2188"]

1.e4 c5 2.Nf3 d6 3.d4 cxd4 4.Nxd4 Nf6 5.f3 e5 6.Bb5+ Nbd7 7.Nb3 Be7 8.Be3 O-O
9.Be2 Nb6 10.c4 Be6 11.N3d2 Rc8 12.b3 Nfd7 13.Nc3 g6 14.Nd5 Bxd5 15.exd5 f5
16.O-O Bg5 17.Bf2 Nf6 18.Kh1 Rf7 19.Nb1 a6 20.Nc3 Nbd7 21.a4 Qf8 22.a5 Qh6
23.g3 Be3 24.Bxe3 Qxe3 25.Qc1 Qxc1 26.Rfxc1 Re7 27.b4 e4 28.f4 h6 29.Nd1 Nf8
30.c5 dxc5 31.bxc5 Rec7 32.c6 bxc6 33.Bxa6 Ra8 34.Bb5 c5 35.Bc6 Ra6 36.Rxc5
N8d7 37.Rb5 Kf8 38.Ne3 Ne8 39.Nc4 Ke7 40.Ne5 Nf8 41.Bb7 {#r} 1-0

[Event "Olympiad"]
[Site "masterchessopen.com Amsterdam (Netherlands)"]
[Round "5"]
[White "Anagnostou Ioannis (GRE)"]
[Black "Raizman Maurice"]
[Result "0-1"]
[WhiteElo "2005"]
[BlackElo "2200"]

1.e4 c5 2.Nf3 d6 3.d4 cxd4 4.Nxd4 Nf6 5.f3 e5 6.Bb5+ Nbd7 7.Nf5 d5 8.exd5 a6
9.Bxd7+ Qxd7 10.Ne3 b5 11.b3 Bc5 12.c4 Bd4 13.Nc2 Bxa1 14.Nxa1 O-O 15.O-O Qa7+
16.Kh1 Bf5 17.Bb2 Rfe8 18.Re1 Nd7 19.Nc2 bxc4 20.bxc4 Rab8 21.Bc3 Nc5 22.Rxe5
Nd3 23.Bd4 Qxd4 24.Nxd4 Nf2+ 25.Kg1 Nxd1 26.Rxe8+ Rxe8 27.g4 Bd7 28.Nd2 Rc8
29.N2b3 Rxc4 {#R} 0-1

[Event "Ch Club Argentino"]
[Site "masterchessopen.com Buenos Aires (Argentina)"]
[Round "0"]
[White "Trifunovic Miroljub (SRB)"]
[Black "Rossetto Hector (ARG)"]
[Result "0-1"]
[WhiteElo "2305"]
[BlackElo "2285"]

1.e4 c5 2.Nf3 d6 3.d4 cxd4 4.Nxd4 Nf6 5.f3 e5 6.Bb5+ Nbd7 7.Nb3 a6 8.Bxd7+
Bxd7 9.Bg5 h6 10.Bxf6 Qxf6 11.O-O Be7 12.Nc3 Qg5 13.Qd3 O-O 14.Rfd1 Rac8
15.Na5 Be6 16.Nd5 Bxd5 17.exd5 Bd8 18.Nc4 Bc7 19.a4 Bb8 20.Kh1 f5 21.a5 e4
22.Qe2 exf3 23.gxf3 Rfe8 24.Qd3 Qh4 25.b3 Ba7 26.Qxf5 Bd4 27.c3 Bxc3 28.Ra2
Re1+ 29.Rxe1 Qxe1+ 30.Kg2 Re8 31.Qd3 Bb4 32.Qf1 Qe7 33.Kh1 Qg5 34.Re2 Rf8
35.Qd1 Bc5 36.Re4 Rxf3 37.Re8+ Kh7 38.Nxd6 Rf2 39.Qd3+ g6 40.Rh8+ Kxh8 41.Nf7+
Rxf7 {#R} 0-1

[Event "Ch World (juniors) (under 20)"]
[Site "masterchessopen.com Toronto (Canada)"]
[Round "11"]
[White "Aldrete Jorge (MEX)"]
[Black "Jongsma Alexander (NED)"]
[Result "0-1"]
[WhiteElo "2322"]
[BlackElo "2215"]

1.e4 c5 2.Nf3 d6 3.d4 cxd4 4.Nxd4 Nf6 5.f3 e5 6.Bb5+ Bd7 7.Bxd7+ Qxd7 8.Nf5 d5
9.Bg5 d4 10.Nd2 Qe6 11.Qe2 g6 12.Qc4 Nbd7 13.Qxe6+ fxe6 14.Bxf6 Nxf6 15.Ng3
Rc8 16.Kd1 Bh6 17.Re1 Ke7 18.Re2 Rc6 19.Nh1 Rhc8 20.Nb3 Nh5 21.g3 Be3 22.Nf2
Rf8 23.Nd3 Rxf3 24.Nxe5 Rf1+ 25.Re1 Rxe1+ 26.Kxe1 Rxc2 27.Nf3 Rxb2 28.Nbxd4
Bxd4 29.Nxd4 Rxh2 30.Rd1 Rh1+ 31.Kd2 Rxd1+ 32.Kxd1 Nxg3 33.e5 Nf5 34.Nf3 h6
35.Ke2 g5 36.Kf2 g4 {#R} 0-1

[Event "Ch Yugoslavia"]
[Site "masterchessopen.com Belgrade (Yugoslavia)"]
[Round "0"]
[White "Boskovic Milorad (USA)"]
[Black "Ivkov Borislav (SRB)"]
[Result "0-1"]
[WhiteElo "2325"]
[BlackElo "2416"]

1.e4 c5 2.Nf3 d6 3.d4 cxd4 4.Nxd4 Nf6 5.f3 e5 6.Bb5+ Nbd7 7.Nf5 d5 8.exd5 a6
9.Bxd7+ Qxd7 10.Ne3 b5 11.c4 Bc5 12.Nc3 Bb7 13.Ne4 Nxe4 14.fxe4 O-O 15.Nf5 f6
16.a3 bxc4 17.Be3 Rac8 18.g4 Bxe3 19.Nxe3 c3 20.Qb3 cxb2 21.Qxb2 a5 22.Qb3 Ba6
23.Rb1 a4 24.Qb4 Bd3 25.Kd2 Bxb1 26.Rxb1 Qa7 27.Qb6 Qxb6 28.Rxb6 Rb8 29.Ra6
Rb2+ 30.Ke1 Rc8 31.Rc6 Rcb8 32.d6 Rxh2 33.d7 Rb1+ 34.Nd1 Rh1+ 35.Ke2 Rhxd1
36.Rc8+ Kf7 37.d8=Q Rxd8 38.Rxd8 {#R} 0-1

[Event "Ch Berlin"]
[Site "masterchessopen.com Berlin (Germany)"]
[Round "1"]
[White "Dornieden Manfred Dr (GER)"]
[Black "Darga Klaus (GER)"]
[Result "0-1"]
[WhiteElo "2217"]
[BlackElo "2453"]

1.e4 c5 2.Nf3 d6 3.d4 cxd4 4.Nxd4 Nf6 5.f3 e5 6.Bb5+ Nbd7 7.Nf5 d5 8.exd5 a6
9.Bxd7+ Qxd7 10.Ne3 b5 11.Nc3 Bb7 12.a3 Bc5 13.Ne4 Rc8 14.Nxc5 Rxc5 15.b4 Rc8
16.Bb2 O-O 17.O-O Rfe8 18.Re1 h6 19.Qd3 Bxd5 20.Nxd5 Qxd5 21.Qxd5 Nxd5 22.Rxe5
Rxe5 23.Bxe5 Rxc2 24.Rd1 Ne3 25.Rd8+ Kh7 26.Bd4 Rxg2+ 27.Kh1 Rd2 28.Bb6 Rxd8
29.Bxd8 Nc2 30.Kg1 Kg6 31.Kf2 Nxa3 32.Ke2 Kf5 33.Kd3 Ke5 34.Be7 h5 35.Bf8 g5
36.Bg7+ Kf4 37.Bf6 Nc4 38.Kd4 h4 39.Kc5 h3 40.Kc6 Ne5+ 41.Kb7 Nxf3 42.Be7 Nxh2
43.Bd6+ Kf3 {#R} 0-1

[Event "Ch Argentina"]
[Site "masterchessopen.com Buenos Aires (Argentina)"]
[Round "8"]
[White "Foguelman Alberto (ARG)"]
[Black "Bielicki Carlos (ARG)"]
[Result "1-0"]
[WhiteElo "2310"]
[BlackElo "2315"]

1.e4 c5 2.Nf3 d6 3.d4 cxd4 4.Nxd4 Nf6 5.f3 e5 6.Bb5+ Bd7 7.Bxd7+ Nbxd7 8.Nf5
d5 9.exd5 Qa5+ 10.Nc3 Nb6 11.O-O Nbxd5 12.Nxd5 Qxd5 13.Bg5 Qe6 14.Qd3 Bc5+
15.Kh1 O-O 16.f4 Ng4 17.Nxg7 Kxg7 18.f5 Qa6 19.Qg3 Nf2+ 20.Rxf2 Bxf2 21.f6+
Kh8 22.Qxf2 Rg8 23.Bh6 Rg6 24.Bg7+ Kg8 25.Rd1 e4 26.Qd4 h6 27.Qd8+ Kh7 28.Qxa8
Rxg2 29.Qh8+ Kg6 30.Qxh6+ Kf5 31.Qh3+ Rg4 32.Rf1+ Ke5 33.Qh5+ Kd6 34.Rd1+ {#r}
1-0

[Event "It"]
[Site "masterchessopen.com Dortmund (Germany)"]
[Round "0"]
[White "Rellstab Ludwig Sr (GER)"]
[Black "Smyslov Vassily (RUS)"]
[Result "0-1"]
[WhiteElo "2265"]
[BlackElo "2494"]

1.e4 c5 2.Nf3 d6 3.d4 cxd4 4.Nxd4 Nf6 5.f3 e5 6.Bb5+ Nbd7 7.Nf5 d5 8.exd5 a6
9.Bd3 Nxd5 10.O-O Bc5+ 11.Kh1 O-O 12.c3 N7f6 13.Bc2 Qb6 14.Qe1 Re8 15.b4 Bxf5
16.Bxf5 Bxb4 17.cxb4 Qd4 18.Nc3 Qxc3 19.Bd2 Qc4 20.a3 Rad8 21.Qf2 Ne7 22.Bh3
h6 23.Be3 Nfd5 24.Bb6 Nxb6 25.Qxb6 Nd5 26.Qc5 Qxc5 27.bxc5 Ne3 28.Rfc1 e4
29.Rab1 exf3 30.gxf3 Re5 31.Re1 Rd3 32.Bc8 Rxc5 33.Bxb7 Rxa3 34.Rb2 a5 35.Rbe2
Rcc3 36.Kg1 g6 37.Kf2 Rc2 38.Rxc2 Nxc2 39.Re8+ Kg7 40.Ra8 Nb4 41.Ra7 Kf6
42.Bc8 Nd3+ 43.Kg3 Nc5 {#R} 0-1

[Event "Zt"]
[Site "masterchessopen.com Athens (Greece)"]
[Round "10"]
[White "Stoppel Franz (AUT)"]
[Black "Huebner Robert Dr (GER)"]
[Result "0-1"]
[WhiteElo "2197"]
[BlackElo "2592"]

1.e4 c5 2.Nf3 d6 3.d4 cxd4 4.Nxd4 Nf6 5.f3 e5 6.Bb5+ Nbd7 7.Nf5 d5 8.exd5 a6
9.Ba4 b5 10.Bb3 a5 11.c3 Nb6 12.Ne3 a4 13.Bc2 Bc5 14.Qe2 O-O 15.Nd2 Nbxd5
16.Nxd5 Nxd5 17.Ne4 Bb6 18.Nf2 Ba6 19.O-O a3 20.Bd3 axb2 21.Qxb2 Nxc3 22.Qxc3
Bd4 23.Qb3 Bxa1 24.Ba3 Bd4 25.Bxf8 Qxf8 26.Kh1 Bc8 27.Bxb5 Ra3 28.Qd5 Be6
29.Qb7 Rxa2 30.Ne4 h6 31.Bd7 Ra7 {#R} 0-1

[Event "Tournament"]
[Site "masterchessopen.com Menden (Germany)"]
[Round "0"]
[White "Hund Barbara (SUI)"]
[Black "Westermeier Arnulf (GER)"]
[Result "1-0"]
[WhiteElo "2226"]
[BlackElo "2260"]

1.e4 c5 2.Nf3 d6 3.d4 cxd4 4.Nxd4 Nf6 5.f3 e5 6.Bb5+ Nbd7 7.Nf5 d5 8.Bxd7+
Bxd7 9.Bg5 Bxf5 10.exf5 Be7 11.Bxf6 gxf6 12.Qd3 Qa5+ 13.Qd2 Qb6 14.Nc3 Bb4
15.a3 Qa5 16.O-O-O Bxc3 17.Qxc3 Qxc3 18.bxc3 O-O-O 19.Rd3 Rd7 20.Rhd1 Rhd8
21.f4 Rg8 22.Rg3 Rxg3 23.hxg3 Rd8 24.Rh1 Rg8 25.fxe5 fxe5 26.Rxh7 Rxg3 27.Rxf7
Rxg2 28.Re7 e4 29.f6 Kd8 30.Rxb7 Rf2 31.f7 a6 32.Ra7 e3 33.Kd1 Rd2+ 34.Ke1 Rf2
35.f8=Q+ Rxf8 36.Ra8+ Ke7 37.Rxf8 Kxf8 38.Ke2 Ke7 39.Kxe3 Ke6 40.Kd4 Kd6 41.c4
dxc4 42.Kxc4 Kc6 43.Kb4 Kb6 44.a4 a5+ 45.Kc4 Kc6 46.c3 {#r} 1-0

[Event "Ch DDR"]
[Site "masterchessopen.com Stralsund (Germany)"]
[Round "12"]
[White "Baum Bernd Dr (GER)"]
[Black "Boensch Uwe (GER)"]
[Result "1-0"]
[WhiteElo "2294"]
[BlackElo "2365"]

1.e4 c5 2.Nf3 d6 3.d4 cxd4 4.Nxd4 Nf6 5.f3 e5 6.Bb5+ Bd7 7.Bxd7+ Qxd7 8.Nf5 d5
9.Bg5 d4 10.Bxf6 gxf6 11.O-O Nc6 12.a3 O-O-O 13.Qd3 Kb8 14.Nd2 h5 15.Nc4 Rg8
16.Rfd1 Ne7 17.Nce3 Rg6 18.Kh1 Bh6 19.Nxe7 Bxe3 20.Nxg6 fxg6 21.a4 g5 22.Ra3
g4 23.Qe2 Qc8 24.c3 Rd6 25.Rb3 Rc6 26.a5 Ka8 27.Ra3 a6 28.Rf1 Qg8 29.b4 gxf3
30.Qxf3 Qc4 31.g3 Qd3 32.Rd1 Qc2 33.cxd4 exd4 34.b5 axb5 35.a6 b4 36.axb7+
Kxb7 37.Ra5 d3 38.Rb5+ Kc7 39.Qxh5 d2 40.Qf7+ Kc8 {#r} 1-0

[Event "It \"]
[Site "masterchessopen.com New York (USA)"]
[Round "0"]
[White "Spiegel Michael (USA)"]
[Black "Williams Alan P (USA)"]
[Result "1-0"]
[WhiteElo "2155"]
[BlackElo "2212"]

1.e4 c5 2.Nf3 d6 3.d4 cxd4 4.Nxd4 Nf6 5.f3 e5 6.Bb5+ Bd7 7.Bxd7+ Qxd7 8.Nb3 d5
9.Bg5 dxe4 10.Bxf6 Qxd1+ 11.Kxd1 gxf6 12.fxe4 Nc6 13.Nc3 O-O-O+ 14.Ke2 Rg8
15.g3 Ne7 16.Rhf1 Bg7 17.a4 a6 18.a5 Rd6 19.Na4 Rgd8 20.Nb6+ Kb8 21.c3 h5
22.Rf3 h4 23.Raf1 hxg3 24.hxg3 Rh8 25.Nc4 Rc6 26.Ne3 Rh2+ 27.R1f2 Rh1 28.Rf1
Rh2+ 29.R3f2 Rh3 30.Kf3 Bh6 31.Nd5 Nxd5 32.exd5 Rd6 33.Kg4 {#r} 1-0

[Event "It (open)"]
[Site "masterchessopen.com Caorle (Italy)"]
[Round "5"]
[White "Andric Dragoslav"]
[Black "Santolini Luigi (ITA)"]
[Result "1-0"]
[WhiteElo "2200"]
[BlackElo "2197"]

1.e4 c5 2.Nf3 d6 3.d4 cxd4 4.Nxd4 Nf6 5.f3 e5 6.Bb5+ Bd7 7.Bxd7+ Qxd7 8.Nf5 d5
9.Bg5 dxe4 10.Bxf6 Qxd1+ 11.Kxd1 gxf6 12.fxe4 Nc6 13.c3 Rg8 14.g3 O-O-O+
15.Nd2 Ne7 16.Nxe7+ Bxe7 17.Kc2 Kd7 18.Nf3 Ke6 19.Nh4 Rd6 20.Rad1 Ra6 21.a3
Rc8 22.Nf5 b5 23.Rd5 Bc5 24.Rhd1 Rb6 25.Rd7 Bf8 26.Rxa7 Rc4 27.Re7+ {#r} 1-0

[Event "Tournament"]
[Site "masterchessopen.com Italy"]
[Round "0"]
[White "Mariotti Sergio (ITA)"]
[Black "Toth Bela (ITA)"]
[Result "1-0"]
[WhiteElo "2455"]
[BlackElo "2345"]

1.e4 c5 2.Nf3 d6 3.d4 cxd4 4.Nxd4 Nf6 5.f3 e5 6.Bb5+ Nbd7 7.Nf5 Qb6 8.Nc3 a6
9.Be3 Qc7 10.Bxd7+ Bxd7 11.Bg5 Bxf5 12.exf5 Be7 13.Qd3 O-O 14.O-O-O Rac8
15.Bxf6 Bxf6 16.Nd5 Bg5+ 17.Kb1 Qc4 18.h4 Qxd3 19.Rxd3 Bd8 20.Nc3 Be7 21.Ne4
Rc6 22.g4 f6 23.h5 h6 24.Rhd1 Rd8 25.c3 Kf7 26.a4 Ke8 27.b4 Rd7 28.Kc2 Rc4
29.Nxd6+ {#r} 1-0

[Event "?"]
[Site "masterchessopen.com corr."]
[Round "0"]
[White "Kujala Auvo (FIN)"]
[Black "Kiviaho Allan (FIN)"]
[Result "1-0"]
[WhiteElo "2242"]
[BlackElo "2185"]

1.e4 c5 2.Nf3 d6 3.d4 cxd4 4.Nxd4 Nf6 5.f3 e5 6.Bb5+ Nbd7 7.Nf5 d5 8.exd5 a6
9.Ba4 b5 10.Bb3 Nb6 11.Ne3 Bc5 12.Nc3 Bb7 13.Qd3 O-O 14.Ne4 Bxe3 15.Nxf6+ Qxf6
16.Bxe3 Nc4 17.Bxc4 Qh4+ 18.Bf2 Qxc4 19.Qxc4 bxc4 20.O-O-O Rfd8 21.d6 Rd7
22.Rhe1 f6 23.Bb6 Re8 24.Re3 Bc6 25.Rc3 Bb5 26.Bc7 f5 27.Re1 Kf7 28.a4 Bxa4
29.Rxc4 Bb5 30.Rc5 Kf6 31.c4 Ba4 32.b3 Bxb3 33.Re3 {#r} 1-0

[Event "Ch Europe (juniors) (under 20)"]
[Site "masterchessopen.com Groningen (Netherlands)"]
[Round "0"]
[White "Kokkila Tero (FIN)"]
[Black "Wians Camille (LUX)"]
[Result "1-0"]
[WhiteElo "2330"]
[BlackElo "2239"]

1.e4 c5 2.Nf3 d6 3.d4 cxd4 4.Nxd4 Nf6 5.f3 e5 6.Bb5+ Bd7 7.Bxd7+ Qxd7 8.Nf5 d5
9.Bg5 Nc6 10.Bxf6 gxf6 11.Qxd5 Qxd5 12.exd5 Nb4 13.Ne3 Bc5 14.a3 Bxe3 15.axb4
Rg8 16.g3 f5 17.Nd2 Rc8 18.c3 Ke7 19.Ke2 f4 20.Ne4 a6 21.d6+ Ke6 22.Rhd1 f5
23.gxf4 exf4 24.Nc5+ Bxc5 25.bxc5 Rxc5 26.Ra4 Rb5 27.Rad4 Rxb2+ 28.Kd3 Rb5
29.Re1+ Re5 30.Rb1 b5 31.Ra1 Rg2 32.Rxf4 Kxd6 33.Rxa6+ Kc5 34.Rh6 Rge2 35.Rxf5
Re3+ 36.Kd2 Rxf5 37.Kxe3 Kc4 38.Rc6+ Kb3 39.Ke4 Rh5 40.f4 Rxh2 41.f5 h5 42.Rc5
Ka4 43.f6 Re2+ 44.Kf3 {#r} 1-0

[Event "It (w)"]
[Site "masterchessopen.com Tallinn (Estonia)"]
[Round "4"]
[White "Vuksanovic Sanja (SRB)"]
[Black "Gocheva Rumiana B (BUL)"]
[Result "0-1"]
[WhiteElo "2234"]
[BlackElo "2152"]

1.e4 c5 2.Nf3 d6 3.d4 cxd4 4.Nxd4 Nf6 5.f3 e5 6.Bb5+ Bd7 7.Bxd7+ Qxd7 8.Nf5 d5
9.Bg5 d4 10.Bxf6 gxf6 11.O-O Nc6 12.Nd2 Ne7 13.Nxe7 Bxe7 14.Qe2 Qc6 15.Qd3 Rc8
16.Rac1 Qb6 17.Rb1 Rg8 18.Kh1 Qa6 19.Qxa6 bxa6 20.Rfc1 f5 21.c3 fxe4 22.cxd4
Rxc1+ 23.Rxc1 e3 24.Nb3 Rg5 25.Kg1 exd4 26.Nxd4 Rd5 27.Nb3 a5 28.a4 Bb4 29.Kf1
Rd3 30.Nc5 Rd2 31.Ne4 e2+ 32.Kf2 Rc2 33.Nf6+ Kd8 34.Re1 Bxe1+ 35.Kxe1 Rxb2
36.Nxh7 Rb4 37.Nf6 Rxa4 38.Kxe2 Ra2+ 39.Kd3 Rxg2 40.h4 Rh2 {#R} 0-1

[Event "Ch Finland"]
[Site "masterchessopen.com Jyvaskyla (Finland)"]
[Round "0"]
[White "Ebeling Mika (FIN)"]
[Black "Loisa Antti (FIN)"]
[Result "1-0"]
[WhiteElo "2268"]
[BlackElo "2110"]

1.e4 c5 2.Nf3 d6 3.d4 cxd4 4.Nxd4 Nf6 5.f3 e5 6.Bb5+ Bd7 7.Bxd7+ Qxd7 8.Nf5 g6
9.Ne3 Bh6 10.Nd5 Nxd5 11.Bxh6 Ne7 12.Nc3 Nbc6 13.Qd2 O-O-O 14.O-O-O Qe6 15.Nd5
Kb8 16.Kb1 Rd7 17.Rhe1 Rc8 18.Be3 f5 19.g3 Qf7 20.c3 Nxd5 21.Qxd5 Qxd5 22.Rxd5
Ne7 23.Rd2 Rc4 24.Bg5 Nc6 25.Rd3 Nd8 26.exf5 Nf7 27.Bf6 Rcc7 28.fxg6 hxg6
29.f4 Kc8 30.Kc2 b6 31.fxe5 dxe5 32.Rde3 {#r} 1-0

[Event "Ch North Europe"]
[Site "masterchessopen.com Slupsk (Poland)"]
[Round "3"]
[White "Kokkila Tero (FIN)"]
[Black "Hoffmann Michael (GER)"]
[Result "0-1"]
[WhiteElo "2330"]
[BlackElo "2496"]

1.e4 c5 2.Nf3 d6 3.d4 cxd4 4.Nxd4 Nf6 5.f3 e5 6.Bb5+ Nbd7 7.Nf5 d5 8.exd5 a6
9.Ba4 b5 10.Bb3 Nb6 11.Ne3 Bb7 12.Nc3 Bc5 13.Qd3 O-O 14.Ne4 Bxe3 15.Nxf6+ Qxf6
16.Bxe3 Nxd5 17.Bxd5 Rad8 18.Bxf7+ Rxf7 19.Qc3 Bxf3 20.gxf3 Qxf3 21.Rg1 Rfd7
22.Bd2 Qe4+ 23.Be3 Rd3 24.Qxd3 Rxd3 25.cxd3 Qxe3+ 26.Kf1 Qxd3+ 27.Ke1 Qc2
28.Rd1 h6 29.Rd2 Qc1+ {#R} 0-1

[Event "It (open) (2)"]
[Site "masterchessopen.com Cannes (France)"]
[Round "0"]
[White "Mrdja Milan (CRO)"]
[Black "Chizelle Bernard (MNC)"]
[Result "1-0"]
[WhiteElo "2395"]
[BlackElo "1895"]

1.e4 c5 2.Nf3 d6 3.d4 cxd4 4.Nxd4 Nf6 5.f3 e5 6.Bb5+ Bd7 7.Bxd7+ Qxd7 8.Nf5
Nc6 9.Bg5 Nh5 10.Nc3 h6 11.Bh4 Nf4 12.Qd2 f6 13.O-O-O O-O-O 14.Ne3 Qf7 15.Ncd5
Ne6 16.Kb1 h5 17.Rhf1 g5 18.Bf2 Kb8 19.Nf5 Ng7 20.Nde3 Ne6 21.b4 a6 22.a3 Ned4
23.c3 Ne6 24.Ka1 Rg8 25.Rb1 Ng7 26.Nc4 b5 27.Na5 Rc8 28.Qe3 {#r} 1-0

[Event "Ch Italy"]
[Site "masterchessopen.com Italy"]
[Round "0"]
[White "Borgo Giulio (ITA)"]
[Black "Werther Tobias (ITA)"]
[Result "1-0"]
[WhiteElo "2397"]
[BlackElo "2325"]

1.e4 c5 2.Nf3 d6 3.d4 cxd4 4.Nxd4 Nf6 5.f3 e5 6.Bb5+ Bd7 7.Bxd7+ Qxd7 8.Nf5 d5
9.Bg5 dxe4 10.Bxf6 Qxd1+ 11.Kxd1 gxf6 12.fxe4 Nc6 13.c3 Rg8 14.g3 Rd8+ 15.Kc2
Ne7 16.Nxe7 Kxe7 17.Nd2 Bh6 18.Nf3 Bg5 19.Rad1 h5 20.Rxd8 Kxd8 21.Kd3 Kd7
22.Ke2 Ke6 23.Rf1 Rc8 24.Rd1 Rc4 25.Kd3 Rc8 26.c4 Rg8 27.Ke2 Rc8 28.b3 Rc6
29.Rd5 Ra6 30.a4 Rc6 31.Kd3 a6 32.b4 Rb6 33.Kc3 Rd6 34.Rxd6+ Kxd6 35.c5+ Ke6
36.Kc4 Be3 37.Nh4 Bg1 38.h3 Bf2 39.Nf5 Bg1 40.Ng7+ {#r} 1-0

[Event "It (open) \"]
[Site "masterchessopen.com Jyvaskyla (Finland)"]
[Round "0"]
[White "Kilpela Panu (FIN)"]
[Black "Nevanlinna Risto (FIN)"]
[Result "0-1"]
[WhiteElo "2088"]
[BlackElo "2252"]

1.e4 c5 2.d4 cxd4 3.Nf3 d6 4.Nxd4 Nf6 5.f3 e5 6.Bb5+ Nbd7 7.Nf5 a6 8.Bxd7+
Qxd7 9.Ne3 Qc6 10.a4 Be6 11.Nc3 Rc8 12.Qe2 Be7 13.O-O O-O 14.Rd1 Bd8 15.Kh1
Nh5 16.Nf5 Bxf5 17.exf5 Ba5 18.Rd3 Qc4 19.Be3 Bxc3 20.bxc3 Rfe8 21.Bd2 Nf6
22.Re1 Qxa4 23.Rxd6 Qxc2 {#R} 0-1

[Event "Ch Schleswig Holstein (VM)"]
[Site "masterchessopen.com Schleswig Holstein (Germany)"]
[Round "9"]
[White "Schiebuhr Stephan (GER)"]
[Black "Werner Thomas (GER)"]
[Result "1-0"]
[WhiteElo "2204"]
[BlackElo "2085"]

1.e4 c5 2.Nf3 d6 3.d4 cxd4 4.Nxd4 Nf6 5.f3 e5 6.Bb5+ Bd7 7.Bxd7+ Qxd7 8.Nf5 d5
9.Bg5 dxe4 10.Bxf6 Qxd1+ 11.Kxd1 gxf6 12.fxe4 Nd7 13.Nc3 Nb6 14.a4 Rd8+ 15.Ke2
Bc5 16.a5 Nc4 17.Nd5 O-O 18.b3 Nd6 19.Nfe7+ Kh8 20.b4 Nxe4 21.bxc5 Nxc5
22.Nxf6 Ne6 23.Ned5 Nd4+ 24.Kd3 Rc8 25.c3 Nb3 26.Rae1 Nxa5 27.Rxe5 Rcd8 28.Rh5
Kg7 29.Rg5+ Kh8 30.Rf1 Nb3 31.Rf3 Ra8 32.Rh3 Na1 33.Rxh7# 1-0

[Event "Ch Helsinki"]
[Site "masterchessopen.com Helsinki (Finland)"]
[Round "0"]
[White "Kilpi Teemu (FIN)"]
[Black "Karhunen Kari (FIN)"]
[Result "1-0"]
[WhiteElo "2135"]
[BlackElo "2335"]

1.e4 c5 2.Nf3 d6 3.d4 cxd4 4.Nxd4 Nf6 5.f3 e5 6.Bb5+ Nbd7 7.Nf5 d5 8.exd5 a6
9.Ba4 b5 10.Bb3 Nc5 11.Ne3 Nxb3 12.axb3 Bc5 13.c4 Qb6 14.Qd3 O-O 15.Nc3 Nh5
16.g3 f5 17.cxb5 e4 18.fxe4 fxe4 19.Nxe4 Bd7 20.Rxa6 Rxa6 21.bxa6 Bb4+ 22.Bd2
Bb5 23.Nc4 Bxd2+ 24.Kxd2 Qxa6 25.Rf1 Qh6+ 26.Kc2 Rxf1 27.Qxf1 Qg6 28.Qd3 Qf5
29.Ned6 Qf2+ 30.Qd2 Qc5 31.Nxb5 Qxb5 32.Qe2 Nf6 33.Qe6+ Kf8 34.Qd6+ Kf7
35.Ne5+ Kg8 36.Qe6+ {#r} 1-0

[Event "It (open)"]
[Site "masterchessopen.com Silvaplana (Switzerland)"]
[Round "0"]
[White "Speck Hans (SUI)"]
[Black "Borgo Giulio (ITA)"]
[Result "0-1"]
[WhiteElo "2016"]
[BlackElo "2370"]

1.e4 c5 2.Nf3 d6 3.d4 cxd4 4.Nxd4 Nf6 5.f3 e5 6.Bb5+ Nbd7 7.Nf5 d5 8.exd5 a6
9.Bxd7+ Qxd7 10.Ne3 b5 11.O-O Bb7 12.Kh1 Nxd5 13.Nxd5 Qxd5 14.Qxd5 Bxd5 15.Nc3
Bb7 16.Re1 O-O-O 17.Be3 f6 18.Bb6 Rd6 19.Ba5 Rd4 20.Rad1 Bc5 21.a3 Kd7 22.Ne2
Rxd1 23.Rxd1+ Ke6 24.Nc1 Rc8 25.c3 g5 26.Nd3 Ba7 27.Bb4 Bd5 28.Ba5 h5 29.Nb4
Bb7 30.Re1 g4 31.fxg4 hxg4 32.Nd3 Rh8 33.Nf4+ Kf5 34.Ne2 Kg6 35.Rd1 Bf2 36.Rd7
Be4 37.Rd8 Rh7 38.Rg8+ Kf5 39.a4 Bd3 40.Nc1 g3 41.Rxg3 Bxg3 42.Nxd3 e4 43.Nc5
e3 44.Nb3 Bxh2 45.g4+ Kxg4 46.Kg2 Be5 47.axb5 axb5 {#R} 0-1

[Event "It (open)"]
[Site "masterchessopen.com Zurich (Switzerland)"]
[Round "0"]
[White "Speck Hans (SUI)"]
[Black "Chiong Luis (PHI)"]
[Result "0-1"]
[WhiteElo "2016"]
[BlackElo "2341"]

1.e4 c5 2.Nf3 d6 3.d4 cxd4 4.Nxd4 Nf6 5.f3 e5 6.Bb5+ Bd7 7.Bxd7+ Qxd7 8.Nf5 d5
9.Nc3 dxe4 10.Qxd7+ Nbxd7 11.Nxe4 Nxe4 12.fxe4 Rc8 13.c3 Rc4 14.Ng3 Nf6 15.Be3
a6 16.O-O-O h5 17.Bg5 h4 18.Nf5 Nd7 19.Rhe1 f6 20.Bxh4 g6 21.Ne3 Rxe4 22.Bf2
Rxh2 23.Rh1 Rxh1 24.Rxh1 Bc5 25.Rh8+ Kf7 26.Kd2 Bxe3+ 27.Bxe3 Rg4 28.Rh2 f5
29.Ke2 Nf6 30.Kf1 Ra4 31.a3 f4 32.Bc5 Rc4 33.Bb4 Nh5 34.Kf2 Rc8 35.Rh1 Rd8
36.c4 Rd3 37.Re1 Nf6 38.Bc3 Ng4+ 39.Kf1 Ke6 40.a4 Kf5 41.Kg1 e4 42.a5 Ne3
43.c5 Nd5 44.Rb1 Nxc3 45.bxc3 Rxc3 {#R} 0-1

[Event "It (open) \"]
[Site "masterchessopen.com Aggtelek (Hungary)"]
[Round "0"]
[White "Borsavolgyi Tamas (HUN)"]
[Black "Timar Zsolt (HUN)"]
[Result "1-0"]
[WhiteElo "2320"]
[BlackElo "2119"]

1.e4 c5 2.Nf3 d6 3.d4 cxd4 4.Nxd4 Nf6 5.f3 e5 6.Bb5+ Bd7 7.Bxd7+ Qxd7 8.Nf5 d5
9.Bg5 dxe4 10.Bxf6 Qxd1+ 11.Kxd1 gxf6 12.fxe4 Nc6 13.c3 Rg8 14.g3 O-O-O+
15.Ke2 Ne7 16.Nxe7+ Bxe7 17.Nd2 h5 18.Rhg1 Bc5 19.Rg2 Rg6 20.h3 Rdg8 21.Nf1 f5
22.exf5 Rg5 23.f6 Rf5 24.Nd2 Rxf6 25.Ne4 Rc6 26.Rf1 Rg7 27.Rf5 h4 28.g4 f6
29.Rxf6 Rxf6 30.Nxf6 Kd8 31.Ne4 Bb6 32.Nd6 Rd7 33.Nf5 e4 34.g5 e3 35.Nxh4 Ke8
36.Nf3 {#r} 1-0